Ivan Trojan /

Hlavní autor: Čermáková, Dana, 1960-
Jazyk: Čeština
Vydáno: [Praha] : Imagination of People, 2014
Vydání: První vydání
Edice: Portréty (Imagination of People)
Témata:
Fyzický popis: 183 stran, xvi stran obrazových příloh : ilustrace (převážně barevné), portréty ; 25 cm
Knihy
Uloženo v:
LEADER 01703cam a2200505 i 4500
001 nkc20142636419
003 CZ PrNK
005 20160812092122.0
007 ta
008 141008s2014 xr acf e 000 0bcze d
015 |a cnb002636419 
020 |a 978-80-87685-22-8  |q (vázáno) 
035 |a (OCoLC)958227236 
040 |a KLG001  |b cze  |d BOA001  |e rda 
043 |a e-xr--- 
045 |a x6y1 
072 7 |a 791/793  |x Divadlo, film, tanec (obecně)  |2 Konspekt  |9 3 
072 7 |a 929  |x Biografie  |2 Konspekt  |9 8 
080 |a 791/792.071.2  |2 MRF 
080 |a 929  |2 MRF 
080 |a (437.3)  |2 MRF 
080 |a (092)  |2 MRF 
100 1 |a Čermáková, Dana,  |d 1960-  |7 xx0081079  |4 aut 
245 1 0 |a Ivan Trojan /  |c Dana Čermáková 
250 |a První vydání 
264 1 |a [Praha] :  |b Imagination of People,  |c 2014 
300 |a 183 stran, xvi stran obrazových příloh :  |b ilustrace (převážně barevné), portréty ;  |c 25 cm 
336 |a text  |b txt  |2 rdacontent 
337 |a bez média  |b n  |2 rdamedia 
338 |a svazek  |b nc  |2 rdacarrier 
490 1 |a Portréty 
504 |a Obsahuje bibliografii 
600 1 7 |a Trojan, Ivan,  |d 1964-  |7 jn20000402395  |2 czenas 
648 7 |a 20.-21. století  |7 ch462155  |2 czenas 
650 0 7 |a herci  |7 ph117199  |z Česko  |y 20.-21. století  |2 czenas 
650 0 9 |a actors  |z Czechia  |y 20th-21st centuries  |2 eczenas 
655 7 |a biografie  |7 fd131909  |2 czenas 
655 9 |a biography  |2 eczenas 
830 0 |a Portréty (Imagination of People)  |0 s 
910 2 |a BOA001  |b 2-1360.231 
920 |a 0982259  |z KLG001 
990 |a BK 
995 |a 01 
991 |b 201602  |c NOV 
996 6 |b 2610656829  |c 2-1360.231  |l MZK  |r Sklad / do 1 hodiny  |n 1  |p p.v.  |w 001541005  |u 000010  |a 1  |e BOA001  |j MZK50  |s P